Strategické válečné hry v podnikání jak firmy mohou zásadně zlepšit své strategie a prěkonat konkurenci
Saved in:
| Main Author: | |
|---|---|
| Format: | Book |
| Language: | Czech |
| Published: |
Praha
Management Press
2010
|
| Subjects: | |
| Tags: |
No Tags, Be the first to tag this record!
|
MARC
| LEADER | 00000nam a2200000 4500 | ||
|---|---|---|---|
| 001 | 0165237 | ||
| 005 | 20240313090456.4 | ||
| 020 | |a 978-80-7261-216-1 | ||
| 041 | 0 | |a cze | |
| 044 | |a CZ | ||
| 245 | 1 | 0 | |a Strategické válečné hry v podnikání |b jak firmy mohou zásadně zlepšit své strategie a prěkonat konkurenci |c Benjamin Gilad |
| 264 | 1 | |a Praha |b Management Press |c 2010 | |
| 300 | |a 231 s. | ||
| 610 | 2 | 0 | |a stratégia podnikateľská |
| 610 | 2 | 0 | |a politika podnikania |
| 610 | 2 | 0 | |a konkurencieschopnosť |
| 610 | 2 | 0 | |a plán strategický |
| 610 | 2 | 0 | |a trh |
| 100 | 1 | |a Gilad, Benjamin | |